User interface evaluation : a structured approach
Saved in:
| Main Author: | |
|---|---|
| Format: | Book |
| Language: | English |
| Published: |
New York ; : London :
Plenum,
c1994
|
| Series: | Languages and information systems
Language of science |
| Subjects: | |
| Tags: |
Add Tag
No Tags, Be the first to tag this record!
|
MARC
| LEADER | 00000nam a2200000 i 4500 | ||
|---|---|---|---|
| 001 | 1/72065 | ||
| 008 | 990312s1994 eng d | ||
| 020 | |a 0306447460 | ||
| 035 | |l 10048474 | ||
| 040 | |a GR-MY-UA |b eng |e aacr | ||
| 041 | 0 | |a eng | |
| 082 | 0 | |a 004.2 | |
| 100 | 1 | |a Treu, Siegfried. | |
| 245 | 1 | 0 | |a User interface evaluation : |b a structured approach / |c Siegfried Treu |
| 260 | |a New York ; : |a London : |b Plenum, |c c1994 | ||
| 300 | |a xvii, 282 p.; |b ill.; |c 24 cm. | ||
| 490 | 1 | |a Languages and information systems | |
| 490 | 1 | |a Language of science | |
| 500 | |a Includes bibliographical references and index | ||
| 650 | 0 | 0 | |a User interfaces (Computer systems) |
| 830 | 0 | |a Languages and information systems | |
| 830 | 0 | |a Language of science | |
| 852 | |a INST |b SAMOS |e 19990312 |h 004.2 TRE |p 005300013356 |q 005300013356 |t BK |y 0 | ||
| 901 | |a BIBL-1999-1 | ||
| 909 | |a Σ |b 062978 | ||
| 922 | |a 3ΕΛΗ |b 199901 |c ΕΠΕΑΕΚ/ΜΑΘ |d LEADER | ||